NLSUI OPAC header image

Corruption : (Record no. 113776)

MARC details
000 -LEADER
fixed length control field 02211cam a2200409 i 4500
001 - CONTROL NUMBER
control field 17712264
003 - CONTROL NUMBER IDENTIFIER
control field OSt
005 - DATE AND TIME OF LATEST TRANSACTION
control field 20220423162519.0
007 - PHYSICAL DESCRIPTION FIXED FIELD--GENERAL INFORMATION
fixed length control field ta
008 - FIXED-LENGTH DATA ELEMENTS--GENERAL INFORMATION
fixed length control field 130211s2013 ii a b 001 0 eng d
010 ## - LIBRARY OF CONGRESS CONTROL NUMBER
LC control number 2013316989
020 ## - INTERNATIONAL STANDARD BOOK NUMBER
International Standard Book Number 9788184673234 (pbk.)
020 ## - INTERNATIONAL STANDARD BOOK NUMBER
International Standard Book Number 818467323X (pbk.)
025 ## - OVERSEAS ACQUISITION NUMBER
Overseas acquisition number I-E-2013-316989; 63-91
035 ## - SYSTEM CONTROL NUMBER
System control number (OCoLC)ocn828245716
035 ## - SYSTEM CONTROL NUMBER
System control number (OCoLC)828245716
037 ## - SOURCE OF ACQUISITION
Stock number Library of Congress -- New Delhi Overseas Office
040 ## - CATALOGING SOURCE
Original cataloging agency DKAGE
Language of cataloging eng
Description conventions rda
Transcribing agency DKAGE
Modifying agency OCLCO
-- DLC
042 ## - AUTHENTICATION CODE
Authentication code lccopycat
-- lcode
043 ## - GEOGRAPHIC AREA CODE
Geographic area code a-ii---
050 00 - LIBRARY OF CONGRESS CALL NUMBER
Classification number HV6771.I4
Item number M87 2013
082 04 - DEWEY DECIMAL CLASSIFICATION NUMBER
Classification number 364.1323 MUR
Edition number 23
100 1# - MAIN ENTRY--PERSONAL NAME
Personal name Muralidharan, Y. G.
245 10 - TITLE STATEMENT
Title Corruption :
Remainder of title The rot within /
Statement of responsibility, etc. Y.G. Muralidharan.
250 ## - EDITION STATEMENT
Edition statement First edition.
264 #1 - PRODUCTION, PUBLICATION, DISTRIBUTION, MANUFACTURE, AND COPYRIGHT NOTICE
Place of production, publication, distribution, manufacture Bangalore :
Name of producer, publisher, distributor, manufacturer Navakarnataka Publications,
Date of production, publication, distribution, manufacture, or copyright notice 2013.
300 ## - PHYSICAL DESCRIPTION
Extent xvi, 256 pages :
Other physical details illustration ;
Dimensions 22 cm
336 ## - CONTENT TYPE
Content type term text
Source rdacontent
337 ## - MEDIA TYPE
Media type term unmediated
Source rdamedia
338 ## - CARRIER TYPE
Carrier type term volume
Source rdacarrier
505 ## - FORMATTED CONTENTS NOTE
Formatted contents note Summary: <br/>ndia, one of the largest democracies in the world, is being threatened by the monster called Corruption. Though corruption is not a few phenomenon, in the past few years it has assumed alarming proportions and is eroding the very basis of democracy. Corruption is anti-social, anti-national, anti-people and anti-democratic. The rot needs to be cleaned up in the interests of the people and the countrys future. How to stem the rot ? From where should the process begin ? Who should take the initiative ? These are some of the issues that need elaborate discussion. Tackling corruption needs a clear understanding of its nature and the reasons for its growth, the existing anti-corruption mechanism and its loopholes, institutional measures to be adopted to control corruption and finally a time bound plan of action with clear duties and responsibilities for each of the stakeholders. The book Corruption : the rot within is an earnest effort in this direction.
650 #0 - SUBJECT ADDED ENTRY--TOPICAL TERM
Topical term or geographic name entry element Corruption
Geographic subdivision India.
650 #0 - SUBJECT ADDED ENTRY--TOPICAL TERM
Topical term or geographic name entry element Corruption
Geographic subdivision India
General subdivision Prevention.
906 ## - LOCAL DATA ELEMENT F, LDF (RLIN)
a 7
b cbc
c copycat
d 3
e ncip
f 20
g y-gencatlg
942 ## - ADDED ENTRY ELEMENTS (KOHA)
Source of classification or shelving scheme Dewey Decimal Classification
Koha item type BOOKs
Holdings
Withdrawn status Lost status Source of classification or shelving scheme Materials specified (bound volume or other part) Damaged status Not for loan Home library Current library Shelving location Date acquired Source of acquisition Cost, normal purchase price Total Checkouts Full call number Barcode Date last seen Price effective from Koha item type Public note
    Dewey Decimal Classification HB     . .   24.07.2019 Gratis 225.00   364.1323 MUR 37295 24.07.2019 24.07.2019 BOOKs Donated By Vice Chancellor's Office, NLSIU